Tặng vật Thơ
Đã lưu trong:
| 主要作者: | |
|---|---|
| 其他作者: | |
| 格式: | 圖書 |
| 語言: | Vietnamese |
| 出版: |
Đà Nẵng
Nxb. Đà Nẵng
2001
|
| 版: | In lần thứ 2 |
| 主題: | |
| 標簽: |
添加標簽
沒有標簽, 成為第一個標記此記錄!
|
| Thư viện lưu trữ: | Mạng thư viện Đại học Đà Nẵng |
|---|
| LEADER | 01243nam a22004098a 4500 | ||
|---|---|---|---|
| 001 | 000014704 | ||
| 003 | 11074 | ||
| 005 | 20120514090538.0 | ||
| 008 | 120514s2001 b 000 0 vieod | ||
| 020 | |c 15000đ |d 1000b | ||
| 041 | 0 | |a vie | |
| 041 | 0 | |a dịch ấn độ | |
| 041 | 0 | |a 0106 | |
| 080 | |a N(461)1=V | ||
| 082 | |a 891.4 |b TA-R | ||
| 084 | |a V6(5An)6-5 |b T000ặ | ||
| 100 | 1 | |a Tagore, Rabindranath | |
| 240 | 0 | |a Lover's gift | |
| 245 | 1 | 0 | |a Tặng vật |b Thơ |c Rabindranath Tagore ; Đỗ Khánh Hoan dịch |
| 246 | |a Lover's gift | ||
| 250 | |a In lần thứ 2 | ||
| 260 | |a Đà Nẵng |b Nxb. Đà Nẵng |c 2001 | ||
| 300 | |a 69tr |c 19cm | ||
| 653 | |a ấn Độ | ||
| 653 | |a Văn học hiện đại | ||
| 653 | |a Thơ | ||
| 700 | 1 | |a Đỗ Khánh Hoan |e Dịch | |
| OWN | |a LSP | ||
| AVA | |a UDN50 |b LSP |d 891.4 TA-R |e available |t Error 5001 Not defined in file expand_doc_bib_avail. |f 3 |g 0 |h N |i 0 |k 1 | ||
| 999 | |a From the UDN01 | ||
| AVA | |a UDN50 |b LSP |d 891.4 TA-R |e available |t Error 5001 Not defined in file expand_doc_bib_avail. |f 3 |g 0 |h N |i 0 |k 1 | ||
| TYP | |a Monograph | ||
| TYP | |a Printed language | ||
| 980 | |a Mạng thư viện Đại học Đà Nẵng | ||